| 000 | 00974nam a2200265Ia 4500 | ||
|---|---|---|---|
| 003 | OSt | ||
| 005 | 20221005110527.0 | ||
| 006 | a|||||r|||| 00| 0 | ||
| 007 | ta | ||
| 008 | 221004b |||||||| |||| 00| 0 hin d | ||
| 020 |
_a8177143255 (hbk) _c400 |
||
| 024 | _a100308 | ||
| 037 |
_b421, 25/03/2010, Swaraj Prakashan _cTextual |
||
| 040 |
_aCRL _cCRL _bhin |
||
| 041 |
_2hin _ahin |
||
| 082 | _aO152,1I00x, J4;L7 | ||
| 100 |
_aश्यामसुंदर दास, संपा. _9160504 |
||
| 245 | 0 | _aकबीर गं्रथावली | |
| 246 | _aKabīr ganrathāvalī | ||
| 260 |
_aनई दिल्ली _bप्रकाशन संस्थान भारत _c1977 |
||
| 300 |
_a325पृ0 _ccm. |
||
| 650 | _aहिन्दी साहित्य | ||
| 942 |
_hO152,1I00x, J4;L7 _cTEXL _2cc |
||
| 999 |
_c1019088 _d1019088 |
||